Agatha Christie, woman of Mystery
Agatha Christie's murder mysteries are famous all over the world. She wrote more than seventy books and they have sold millions of copies. This is a story about Agatha Christie's life. What kind of person was she? How much do we know about her? She was rich, famous, and twice married. And...
Salvato in:
| Autore principale: | |
|---|---|
| Natura: | Libro |
| Lingua: | Undetermined |
| Pubblicazione: |
Oxford
Oxford Univ. Press
1998
|
| Soggetti: | |
| Tags: |
Aggiungi Tag
Nessun Tag, puoi essere il primo ad aggiungerne! !
|
| Thư viện lưu trữ: | Trung tâm Học liệu Trường Đại học Cần Thơ |
|---|
| LEADER | 00902nam a2200217Ia 4500 | ||
|---|---|---|---|
| 001 | CTU_34895 | ||
| 008 | 210402s9999 xx 000 0 und d | ||
| 020 | |b 16000 | ||
| 082 | |a 823.9 | ||
| 082 | |b E74 | ||
| 100 | |a Escott, John | ||
| 245 | 0 | |a Agatha Christie, woman of Mystery | |
| 245 | 0 | |c John Escott | |
| 260 | |a Oxford | ||
| 260 | |b Oxford Univ. Press | ||
| 260 | |c 1998 | ||
| 520 | |a Agatha Christie's murder mysteries are famous all over the world. She wrote more than seventy books and they have sold millions of copies. This is a story about Agatha Christie's life. What kind of person was she? How much do we know about her? She was rich, famous, and twice married. And there was a mystery in her life, too... | ||
| 650 | |a English fiction,English literature | ||
| 650 | |y 20th century | ||
| 904 | |i Minh, Qhieu đã sửa | ||
| 980 | |a Trung tâm Học liệu Trường Đại học Cần Thơ | ||